Pensando en la prevención : ¿nos atrevemos a revisar algunas creencias y supuestos teóricos? (Record no. 114316)
[ view plain ]
| 000 -CABECERA | |
|---|---|
| campo de control de longitud fija | 00534nab a2200169 a 4500 |
| 005 - FECHA Y HORA DE LA ÚLTIMA TRANSACCIÓN | |
| campo de control | 20210223125805.0 |
| 008 - ELEMENTOS DE LONGITUD FIJA--INFORMACIÓN GENERAL | |
| campo de control de longitud fija | 991125s1985 mx 000 0 spa u |
| 035 ## - NÚMERO DE CONTROL DEL SISTEMA | |
| Número de control de sistema | UPN01000142169 |
| 100 1# - ASIENTO PRINCIPAL--NOMBRE PERSONAL | |
| Nombre de persona | González Cuberes, María Teresa, |
| Fechas asociadas al nombre | 1941- |
| 9 (RLIN) | 28881 |
| 222 ## - TÍTULO CLAVE | |
| Título clave | LA EDUCACION EN LOS PRIMEROS AÑOS |
| 245 ## - MENCIÓN DE TÍTULO | |
| Título | Pensando en la prevención : ¿nos atrevemos a revisar algunas creencias y supuestos teóricos? |
| 260 ## - PUBLICACIÓN, DISTRIBUCIÓN, ETC. | |
| Lugar de publicación, distribución, etc. | México |
| 300 ## - DESCRIPCIÓN FÍSICA | |
| Extensión | 62-77 |
| 653 0# - TERMINO DE INDIZACION - NO CONTROLADO | |
| Término no controlado | PREVENCION DE ACCIDENTES |
| 653 0# - TERMINO DE INDIZACION - NO CONTROLADO | |
| Término no controlado | INFANCIA |
| 905 ## - TIPO DE MATERIAL | |
| Tipo de material | Articulo |
No items available.
